00641nam a2200145 i 4500001000700000003000900007005001700016008004100033110008600074245014100160260005600301300002700357650005400384852005700438160500ES-MaACL20230906212043.0041122s1890 xxu |||| | eng d2 aNational Prison Association of the United States. bCongress (d1889.cHashville)10aProceedings of the Annual Congress of the National Prison Association of the United States b: heald at Nashville, November 16-20, 1889. aChicago : b[s.n.], c1890 (fKnight & Leonard Co.) a330, [2] p. ; c23 cm. 4aEstablecimientos penitenciarios-zEstados Unidos. aES-MaACLjD-194 z- Enc. tela z. - Donativo Lastres